000 00484nam a2200169 a 4500
005 20140310183330.0
008 060822s19uu xx 00 eng d
020 _a15913913-8
050 _aHF 5381
_b.H278 2002
245 _aHarvard Business Review on managing your career. /
260 _aBoston, MA :
_bHarvard Business School Press,
_c2002.
300 _a205 p. :
_bill. ;
_c22 cm.
521 _aBSBA
650 _aCareer development.
942 _cBK
_2lcc
_kFOR
999 _c21546
_d21546